000
00234nam a22000857a 4500
999
_c
11452
_d
11452
008
190524b ||||| |||| 00| 0 eng d
020
_a
9789386365194
100
_9
7175
_a
KUMAR MANOJ
245
_a
GREAT NATIONALIST OF INDIALAL BAHADUR SHASTRI